000 00541nam a22001457a 4500
003 MACL
005 20170630142127.0
008 170630b xxu||||| |||| 00| 0 eng d
040 _c MACL
100 _aअनिता 'सुरभि'
_967941
245 _aमनु, कनु आैर मौसी व अन्‍य कहानियॉं
260 _aनई दिल्‍ली
_bप्रगतिशील प्रकाशन
_c2012
650 _aचिल्‍ड्रन ब्‍ुाक
_967942
942 _2ddc
_cHIN
999 _c56671
_d56671